|
|
|
|
| LEADER |
00000nam a22000007a 4500 |
| 005 |
20210427222751.0 |
| 007 |
cr|||| |||| |
| 008 |
210427s2016 co |||||s|||| 00||0 spa d |
| 020 |
|
|
|a 978-958-665-380-0
|
| 035 |
|
|
|a 33218
|
| 040 |
|
|
|a vLex
|
| 090 |
|
|
|c 11536
|d 11536
|
| 100 |
1 |
|
|a Rubiano Muǫz, Rafael
|
| 245 |
1 |
0 |
|a Aǫs de vřtigo
|h [Recurso electrn̤ico] :
|b Baldomero Sann̕ Cano y la revista Hispania (1912-1916) /
|c Rafael Rubiano Muǫz, Juan Guillermo Gm̤ez Garca̕, Baldomero Sann̕ Cano
|
| 256 |
|
|
|a Servicio en ln̕ea
|
| 260 |
|
|
|a Bogot:̀
|b Siglo del Hombre Editores,
|c 2016
|
| 300 |
|
|
|a 1 recurso electrn̤ico
|
| 500 |
|
|
|a La revista Hispania fue ms̀ que un impreso de divulgacin̤ porque fue un proyecto politico-cultural de algunos colombianos, como Baldomero Sann̕ Cano, que se propusieron construir desde el exilio una patria comn︢, un hogar fraterno y un entorno de dil̀ogo entre los ciudadanos de Amřica, revitalizando la idea bolivariana de la Utopa̕ de Amřica como patria de la humanidad y de la justicia. El carc̀ter transicional de Sann̕ Cano se transparenta y define en las pg̀inas de Hispania, sin soslayar los contenidos econm̤icos y polt̕icos de las turbulentas relaciones diplomt̀icas del mundo occidental, que decididamente muestran las grietas de la gran civilizacin̤ europea ya en el ocaso.
|
| 506 |
1 |
|
|a Disponible solo en los productos indicados
|d vLex Global
|d vLex Global (Academic Edition, excluding Law Schools)
|d vLex Global (U.S. Academic Edition, Law Schools)
|d vLex Global (U.S. Academic Edition, excluding Law Schools)
|d vLex Global (Academic Edition, Law Schools)
|
| 650 |
0 |
4 |
|a Literatura
|z Colombia
|
| 700 |
1 |
|
|a Gm̤ez Garca̕, Juan Guillermo
|
| 700 |
1 |
|
|a Sann̕ Cano, Baldomero
|
| 740 |
0 |
|
|a vLex Libros (Servicio en ln̕ea)
|
| 856 |
4 |
0 |
|u https://vlex.com/source/a-os-de-vertigo-baldomero-sanin-cano-y-la-revista-hispania-1912-1916--33218
|z Acceso restringido
|
| 942 |
|
|
|c BOOK
|
| 999 |
0 |
|
|a Literature
|